Antología

Salvato in:
Dettagli Bibliografici
Autore principale: Juan de los Angeles (Autore)
Natura: Libro
Lingua:spagnolo
Pubblicazione: Barcelona Ediciones Fe 1940
Serie:Breviarios del Pensamiento Español
Soggetti:
Tags: Aggiungi Tag
Nessun Tag, puoi essere il primo ad aggiungerne!!

MARC

LEADER 00000nam a2200000 a 4500
001 UCI5109
003 CL-VaPUC
008 080314e19400000SP |||||||||||||||||spa|d
082 0 4 |a 863  |b JUA  |2 21 
100 0 |a Juan de los Angeles  |e author  |9 527206 
245 1 0 |a Antología 
300 |a 226 p 
942 |c BK 
945 |d 20080314 00:00:00  |a rbrito 
260 |a Barcelona  |b Ediciones Fe  |c 1940 
500 |a Donación Padres Capuchinos 
650 7 |a PROSA ESPAÑOLA  |2 CL-VaPUC  |9 321304 
583 |a last modification  |c 20080314 00:00:00  |k Rodrigo Vera 
490 0 |a Breviarios del Pensamiento Español 
999 |c 328872  |d 328870 
952 |0 0  |1 0  |4 0  |6 863_000000000000000_JUA_1940  |7 0  |8 X  |9 413053  |a FDOBUD  |b FDOBUD  |d 2019-11-22  |i 4409388  |o 863 JUA 1940  |p 4409388  |r 2019-11-22  |w 2019-11-22  |y BK_X  |k BUD